Missing Word: 'P' Names Quiz Stats

 Plays Quiz Updated Jun 20, 2018

Challenge
Share
Tweet
Embed
Score 0/24 Timer 02:00
5 Plays Today
Full Name Missing Name % Correct
Sarah Jessica _____Parker
95.1%
_____ HiltonParis
94.5%
_____ HarborPearl
93.1%
Edgar Allan _____Poe
93%
Brad _____Pitt
91%
_____ PicassoPablo
89.7%
Rosa _____Parks
88.8%
_____ ParkerPeter
83.8%
Order of the _____Phoenix
82%
Dr. _____Phil
80.8%
Hewlett-_____Packard
79.1%
_____ SimonPaul
78.8%
Full Name Missing Name % Correct
Al _____Pacino
77.2%
_____ LanePenny
73.2%
_____ & GambleProcter
72.1%
Saint _____Patrick
71.5%
_____ BuffayPhoebe
67.7%
George S. _____Patton
64%
United _____ ServiceParcel
57%
_____ CardinPierre
53.5%
Luciano _____Pavarotti
46.8%
_____ PlacePeyton
36.1%
_____ WhitePerry
28.4%
Don _____Pedro
11.4%

Today's Daily Dose

Missing Word
Hayao Miyazaki

Word Ladder
Florida

On This Day
December 13th II

You're not logged in!

Compare scores with friends on all Sporcle quizzes.
OR
Log In

You Might Also Like...

Show Comments

Extras

Top Quizzes Today


Score Distribution

Your Account Isn't Verified!

In order to create a playlist on Sporcle, you need to verify the email address you used during registration. Go to your Sporcle Settings to finish the process.

Report this User

Report this user for behavior that violates our Community Guidelines.

Details: